| 000 | 00672nam a2200205 i 4500 | ||
|---|---|---|---|
| 001 | 113610 | ||
| 003 | ES-MaACL | ||
| 005 | 20250830221255.0 | ||
| 007 | t| | ||
| 008 | 061121s1956 sp r ||||1| spa d | ||
| 100 | 1 |
_aPaço d'Arcos, Joaquín. _988159 |
|
| 245 | 1 | 4 |
_aLos EE.UU son así / _cJoaquín Paço d'Arcos ; traducido directamente del portugués por José Mª Viqueira Barreiro. |
| 250 | _a[1ª ed.]. | ||
| 260 |
_aBarcelona : _bAR, _c1956. |
||
| 300 |
_a443 p. 1 lám. ; _c21 cm. |
||
| 651 | 4 |
_aEstados Unidos- _xDescripción _98538 |
|
| 700 | 0 |
_aViqueira Barreiro, José María. _9115426 |
|
| 852 |
_aES-MaACL _jC-10939 _bR.39039 |
||
| 999 |
_c113610 _d113610 |
||